Reflexionando y actuando entre mujeres: guía para la facilitadora /

محفوظ في:
التفاصيل البيبلوغرافية
المؤلف الرئيسي: Martin, Ligia
مؤلف مشترك: Centro de Estudios para la Acción Social
مؤلفون آخرون: Lara, Camacho, Camacho, Rosalía
التنسيق: نص
منشور في: San José: CEPAS
الموضوعات:
الوسوم: إضافة وسم
لا توجد وسوم, كن أول من يضع وسما على هذه التسجيلة!

MARC

LEADER 00000 a a2200000 04500
001 33135
003
040
090 |a 206500  
100 |a Martin, Ligia  
110 |a Centro de Estudios para la Acción Social  
245 |a Reflexionando y actuando entre mujeres: guía para la facilitadora /  |c Ligia Martin 
260 |a San José:   |b CEPAS  
300 |a 184 p.  
300 |b il.  
650 |a EDUCACION DE LA MUJER  
650 |a COOPERATIVAS  
650 |a TALLERES  
650 |a JUSTICIA SOCIAL  
650 |a GENERO  
650 |a MUJERES  
700 |a Lara, Camacho  
700 |a Camacho, Rosalía  
999 |c 17570  |d 17570